000 nam a22 7a 4500
999 _c29389
_d29389
008 171205b xxu||||| |||| 00| 0 eng d
020 _a9789966257413
050 _aAFR DT 433.584 .K3 2012
100 _aKarume, Njega
245 _aBeyond Expectations /
_bFrom Charcoal to Gold /
_cNjega, Karume.
250 _a1st ed.
260 _aKenya:
_bkenway,
_c2012.
300 _a335p.
_binclude index.
_c26cm
650 _aBibliography
700 _aMutua wa Gethoi.
942 _2lcc
_cAFRICANA
_hAFR DT 433.584 .K3 2012